|
|
|
|
| LEADER |
01095nam a2200265 a 4500 |
| 001 |
28745 |
| 003 |
BD-DhAAL |
| 008 |
141230s2014 maua 001 0 eng d |
| 020 |
|
|
|a 0273789961
|
| 020 |
|
|
|a 9780273789963
|
| 040 |
|
|
|a DLC
|c DLC
|d YDX
|d YDXCP
|d CDX
|d BWX
|d UVU
|d DLC
|d BD-DhAAL.
|d BD-DhAAL.
|
| 082 |
0 |
0 |
|a 330
|2 22
|
| 100 |
1 |
|
|a Parkin, Michael,
|d 1939-
|9 7040
|
| 245 |
1 |
0 |
|a Economics /
|c Michael Parkin.
|
| 250 |
|
|
|a 11th ed.
|
| 260 |
|
|
|a Boston :
|b Pearson,
|c c2014.
|
| 300 |
|
|
|a xxxvii, 780, [31] p. :
|b ill. (some col.) ;
|c 29 cm.
|
| 504 |
|
|
|a Includes index.
|
| 541 |
|
|
|e 28745
|
| 650 |
|
0 |
|a Economics.
|9 7041
|
| 852 |
4 |
|
|a Ayesha Abed Library
|j General shelf.
|
| 942 |
|
|
|2 ddc
|c BK
|0 1
|
| 999 |
|
|
|c 33364
|d 33364
|
| 952 |
|
|
|0 0
|1 0
|2 ddc
|4 0
|6 330_000000000000000_PAR
|7 0
|9 44567
|a BRACUL
|b BRACUL
|d 2014-12-30
|e Karim International
|l 43
|m 333
|o 330 PAR
|p 3010028745
|r 2026-04-15
|s 2026-03-09
|t 1
|w 2014-12-30
|y BK
|
| 952 |
|
|
|0 0
|1 2
|2 ddc
|4 0
|6 330_000000000000000_PAR
|7 0
|9 52944
|a BRACUL
|b BRACUL
|c GEN
|d 2015-03-07
|e Karim International
|g 8500.00
|l 9
|m 89
|o 330 PAR
|p 3010028948
|q 2018-03-28
|r 2017-01-17
|s 2017-01-17
|t 2
|w 2015-03-07
|y BK
|